| 000 | 00368 a2200145 4500 | ||
|---|---|---|---|
| 999 |
_c12951 _d12951 |
||
| 003 | OSt | ||
| 005 | 20240730160109.0 | ||
| 008 | 240730b ||||| |||| 00| 0 eng d | ||
| 020 | _a 978-0061452062 | ||
| 082 | _a 128 RID | ||
| 100 | _aMatt Ridley | ||
| 245 | _aThe Rational Optimist: How Prosperity Evolves | ||
| 260 |
_b Harper Perennial; _c2011 |
||
| 942 | _2ddc | ||